ABBA - Une lettre, une chanson - Statistiques

Statistiques générales
  • Ce quiz a été pris 125 fois
  • Le résultat moyen est 10 sur 23
Statistiques - réponses
Lettre Chansons % Correct
M Mamma Mia / Man in the Middle / Me and I / Me and Bobby and Bobby's Brother / Merry-Go-Round / Money, Money, Money / Move On / My Love, My Life / My Mama Said
94%
W Watch Out / Waterloo / The Way Old Friends Do (version live) / What About Livingstone? / When All Is Said and Done / When I Kissed the Teacher / When You Danced with Me / Why Did It Have to Be Me / The Winner Takes It All
89%
D Dance (While the Music Still Goes On) / Dancing Queen / The Day Before You Came / Disillusion / Does Your Mother Know / Don't Shut Me Down / Dum Dum Diddle
87%
F Fernando
73%
C Cassandra / Chiquitita / Crazy World
70%
S Santa Rosa / She's My Kind of Girl / Should I Laugh or Cry / Sitting in the Palmtree / Slipping Through My Fingers / Soldiers / So Long / SOS / Summer Night City / Super Trouper / Suzy-Hang-Around
68%
L Lay All Your Love on Me / Little Things / Love Isn't Easy (But It Sure Is Hard Enough) / Lovelight / Lovers (Live a Little Longer) / Like an Angel Passing Through My Room
60%
G Gimme! Gimme! Gimme! (A Man After Midnight) / Gonna Sing You My Lovesong
58%
T Take a Chance on Me / Thank You for the Music / That's Me / Tiger / Tropical Loveland / Two for the Price of One
57%
A Andante, Andante / Angeleyes / Another Town, Another Train / Arrival / As Good as New
56%
I I Am Just a Girl / I Can Be That Woman / I Do, I Do, I Do, I Do, I Do / If It Wasn't for the Nights / I Have a Dream / I Let the Music Speak / I'm a Marionette / Intermezzo No. 1 / I Saw It in the Mirror / I Still Have Faith in You / I've Been Waiting for You / I Wonder (Departure)
53%
O Ode to Freedom / On and On and On / One Man, One Woman / One of Us / Our Last Summer
52%
V The Visitors / Voulez-Vous
51%
H Happy Hawaii / Happy New Year / Hasta Mañana / Head over Heels / He Is Your Brother / Hey, Hey Helen / Hole in Your Soul / Honey, Honey
49%
K Keep an Eye on Dan / The King Has Lost His Crown / King Kong Song / Kisses of Fire / Knowing Me, Knowing You
38%
N The Name of the Game / Nina, Pretty Ballerina / No Doubt About It
25%
R Ring Ring / Rock Me / Rock'n Roll Band
13%
U Under Attack
11%
E Eagle / Elaine
10%
P People Need Love / Pick a Bale of Cotton/On Top of Old Smokey/Midnight Special (medley) / The Piper / Put On Your White Sombrero
10%
B Bang-A-Boomerang / Bumblebee
9%
J Just a Notion
7%
Y You Owe Me One
3%
Aucun quiz correspondant
Distribution des résultats
% des personnes avec chaque résultat
Percentile par nombre de réponses
Votre historique - résultats
Vous n’avez pas pris ce quiz